000 00633cam a22002173a 4500
001 39239
003 PGUSA
005 20140828083854.0
008 120324s2012||||xxu|||||s|||||000 | eng d
040 _aPGUSA
_beng
042 _adc
245 1 0 _aRimatori siculo-toscani del dugento :
_bSerie prima - Pistoiesi-Lucchesi-Pisani
_h[electronic resource]
260 _bProject Gutenberg,
_c2012
506 _aPublic domain in the USA.
516 _aElectronic text
700 1 _aZaccagnini, Guido
700 1 _aParducci, Amos
830 0 _aProject Gutenberg
_v39239
856 4 0 _uhttp://www.gutenberg.org/ebooks/39239
942 _cEB
999 _c268492
_d268492